000
00384nam a22001577a 4500
003
MPLRDC
005
20220104124801.0
008
210129b ||||| |||| 00| 0 eng d
082
_a
782.29 YTF
100
_a
杨廷福 等著
245
_a
中国四大旅行家
_c
260
_a
_b
香港中流出版社
_c
1984
300
_b
平
650
_a
中国传记
942
_c
BK
_o
782.29 YTF
999
_c
22121
_d
22111